00903 2200313 4500001002100000005001500021035002000036007000300056008004100059020002200100082001400122084001600136100002400152245007300176250002600249300002500275650002500300700003000325504002900355264003100384336002100415337003000436338002300466040002200489090002200511850001200533999002200545990002200567INLIS00000000089331520250211092827 a0010-0225000397ta250211s2024 yoi g 000 | ind d a978-623-10-5700-604223a153.8 a153.8 FAQ b0 aFaqih H.ePengarang10aBilang enggak itu gapapa kok! /cFaqih H.; penyunting, Taufani Wahyu aCetakan Pertama, 2024 a140 halaman ;c20 cm 4aMotivasi (psikologi)0 aTaufani WahyuePenyunting aBibliografi: halaman 13931aBantul :bGema Buku,c2024 2rdacontentateks 2rdamediaatanpa perantara 2rdacarrieravolume aYOPDYOGbinderda aCB-D.11 2024-4922 aYOPDYOG aCB-D.11/2024-4922 aCB-D.11/2024-4922